000 00512nam a22001817a 4500
005 20251108170525.0
008 250721s2000 xx 000 0 ara d
082 1 4 _a658.860285/عبو
100 1 _aعبود، طلال
245 1 0 _aالتسويق عبر الإنترنت /
264 _bدار الرضا،
_c2000.
300 _a147ص
490 0 _aسلسلة الرضا للإنترنت ؛4
650 1 7 _aالإنترنت
650 1 7 _aشبكات الحواسيب
942 _2ddc
_cBK
999 _c42616
_d42616